• 首页
  • 本馆介绍
  • 公告通知
  • 最新文献
  • 馆藏检索
  • 电子资源
  • 读者导购
  • 参考咨询
  • 我的图书馆
  • 登录
  • 详细信息显示
  • 放入我的书架
  • 预约/预借图书
  • 作者相关作品
  • 分类相关作品
  • 丛书相关作品
  • 出版社相关作品

书目信息

  • 表格格式
  • 工作单格式
  • 卡片格式
书名: What we've lost
作者: Graydon Carter.
分册号:
分册名:
出版地: New York, NY :
 
出版社: Farrar, Straus and Giroux
出版时间: 2004.
页数: x, 340 p. ;
开本: 24 cm.
丛书名:
中图分类号:
科图分类号:
其他分类号: D771.2
主题词:
电子资源: http://www.loc.gov/catdir/samples/hol051/2004106141.html      http://www.loc.gov/catdir/description/hol054/2004106141.html      http://www.loc.gov/catdir/bios/hol058/2004106141.html     
000 01415cam a2200409 a 4500
001 E0756101931
003 CAL
005 20070713154454.46
008 040421s2004 nyu 000 0 eng
010    @a 2004106141
020    @a9780374288921.
020    @a0374288925.
035    @a(DLC) 2004106141
040    @aDLC@cDLC@dDLC
042    @apcc
043    @an-us---
050 00 @aE902@b.C36425 2004
090    @aD771.2
093    @aD771.20@24
099    @dD771.2@ex179
100 1  @aCarter, Graydon.
245 10 @aWhat we've lost / @cGraydon Carter.
250    @a1st ed.
260    @aNew York, NY :@bFarrar, Straus and Giroux,@c2004.
300    @ax, 340 p. ;@c24 cm.
600 10 @aBush, George W.@q(George Walker),@d1946-@xPolitical and social views.
650  0 @aEnvironmental policy@zUnited States.
650  0 @aCivil rights@zUnited States.
651  0 @aUnited States@xPolitics and government@y2001-
651  0 @aUnited States@xForeign relations@y2001-
651  0 @aUnited States@xEnvironmental conditions.
651  0 @aUnited States@xSocial policy.
856 41 @3Sample text@uhttp://www.loc.gov/catdir/samples/hol051/2004106141.html
856 42 @3Publisher description@uhttp://www.loc.gov/catdir/description/hol054/2004106141.html
856 42 @3Contributor biographical information@uhttp://www.loc.gov/catdir/bios/hol058/2004106141.html
920    @a211010@z2
998    @aPUL
    
    What we've lost / / Graydon Carter.-1st ed.-New York, NY : : Farrar, Straus and Giroux, , 2004.
    x, 340 p. ; ; 24 cm.
    
    
    ISBN 9780374288921.
    
●
相关链接 在E读中查询图书 在五车中查询图书 在当当中查询图书 在豆瓣中查询图书


正题名:What we've lost     索取号:D771.2/x179         预约/预借

序号 登录号 条形码 馆藏地/架位号 状态 备注
1 0013204   300132041   第二样本阅览室/ [索取号:D771.2/x179] 在馆    
唐山师范学院图书馆 欢迎您!
大连网信软件有限公司© 版权所有